Penbui - wachter an der statte der wahrheit : eine prosopographische Untersuchung zu Deir el-Medine in der 19. Dynastie /
محفوظ في:
المؤلف الرئيسي:
مؤلفون آخرون:
التنسيق: كتاب
اللغة: German
سلاسل:
GHP Egyptology ;
24.
Egyptology ;
24.
الموضوعات:
الوسوم: إضافة وسم
لا توجد وسوم, كن أول من يضع وسما على هذه التسجيلة!
رقم الطلب: DT59 .E88 v.24
| LEADER | 01649namaa2200337 4500 | ||
|---|---|---|---|
| 003 | OSt | ||
| 005 | 20200405061940.0 | ||
| 008 | 130303s2015 enka g 000 0 ger d | ||
| 952 | |0 0 |1 0 |2 lcc |3 V.24 |4 0 |6 DT0059 E88 V.00024 |7 1 |9 1017 |a ARCE |b ARCE |d 2020-04-05 |l 0 |o DT59 .E88 v.24 |p 1022074 |r 2020-04-05 00:00:00 |w 2020-04-05 |y BK | ||
| 999 | |c 2272 |d 2272 | ||
| 020 | |a 1906137463 | ||
| 020 | |a 9781906137465 | ||
| 040 | |c ARCE Library | ||
| 050 | 0 | 4 | |a DT59 .E88 v.24 |
| 100 | 1 | |a Meurer, Georg, |e author |9 35907 | |
| 245 | 1 | 0 | |a Penbui - wachter an der statte der wahrheit : |b eine prosopographische Untersuchung zu Deir el-Medine in der 19. Dynastie / |c Georg Meurer ; Elke Blumenthal. |
| 264 | 1 | |a London : |b Golden House Publications, |c 2015. | |
| 300 | |a x, 238 pages : |b illustrations ; |c 31 cm. | ||
| 336 | |a text |b txt |2 rdacontent | ||
| 337 | |a unmediated |b n |2 rdamedia | ||
| 338 | |a volume |b nc |2 rdacarrier | ||
| 490 | 1 | |a GHP Egyptology ; |v 24. | |
| 490 | 1 | |a Egyptology ; |v 24. | |
| 500 | |a "This is an in depth study on the 'servant at the place of Truth' Penbuy. He was one of the leading workmen involved in building the royal tombs in the Valley of the Kings at Thebes. All known monuments are presented. They include the scenes of his badly destroyed, but once nicely painted tomb chapel. The study presents new insights into the family of Penbuy and the social relations at Deir el-Medineh."-Publisher's Website. | ||
| 650 | 0 | |a Tombs |x Decoration |z Egypt. | |
| 651 | 0 | |a Egypt |x Social life and customs. | |
| 700 | 1 | |a Blumenthal, Elke. |9 26930 | |
| 830 | 0 | |a GHP Egyptology ; |v 24. | |
| 830 | 0 | |a Egyptology ; |v 24. | |
| 901 | |a reviewed | ||
| 942 | |c BK |2 lcc | ||
